The streets of panic park / (Record no. 3301)

MARC details
000 -LEADER
fixed length control field 00837nam a22002657a 4500
001 - CONTROL NUMBER
control field 3301
003 - CONTROL NUMBER IDENTIFIER
control field FISKH
005 - DATE AND TIME OF LATEST TRANSACTION
control field 20250211091211.0
008 - FIXED-LENGTH DATA ELEMENTS--GENERAL INFORMATION
fixed length control field 240226b cb ||||| |||| 00| 0 eng d
022 ## - INTERNATIONAL STANDARD SERIAL NUMBER
Source 9780439918800
040 ## - CATALOGING SOURCE
Original cataloging agency FISK
Language of cataloging eng
Transcribing agency FISK
Modifying agency FISK
050 ## - LIBRARY OF CONGRESS CALL NUMBER
Classification number PZ7.S86037
082 ## - DEWEY DECIMAL CLASSIFICATION NUMBER
Classification number 813.54
100 ## - MAIN ENTRY--PERSONAL NAME
Personal name Stine R.L
Dates associated with a name 1943-
245 ## - TITLE STATEMENT
Title The streets of panic park /
Statement of responsibility, etc. R.L Stine
260 ## - PUBLICATION, DISTRIBUTION, ETC.
Place of publication, distribution, etc. New York :
Name of publisher, distributor, etc. Scholastic,
Date of publication, distribution, etc. 2009
300 ## - PHYSICAL DESCRIPTION
Extent 136 pages :
Other physical details 20 cm
490 ## - SERIES STATEMENT
Series statement Goosebumps Horrorland
Volume/sequential designation Book 12
505 ## - FORMATTED CONTENTS NOTE
Formatted contents note F<br/>
520 ## - SUMMARY, ETC.
Summary, etc. Horror. Juvenile Fiction. Suspense. HTML:<br/><br/>The kids who are trapped in Horror Land thought they had reason enough to panic. That was before they reached Panic Park.
521 8# - TARGET AUDIENCE NOTE
Target audience note 370
Source Lexile
521 8# - TARGET AUDIENCE NOTE
Target audience note F <br/>
Source Raz-Plus
700 ## - ADDED ENTRY--PERSONAL NAME
Personal name R.L Stine
942 ## - ADDED ENTRY ELEMENTS (KOHA)
Source of classification or shelving scheme Dewey Decimal Classification
Koha item type Books
Suppress in OPAC No
Holdings
Withdrawn status Lost status Source of classification or shelving scheme Damaged status Not for loan Collection Home library Current library Shelving location Date acquired Total Checkouts Full call number Barcode Date last seen Copy number Price effective from Koha item type Date last checked out
    Dewey Decimal Classification     Fiction Footprints International School Library Network Toul Kork Campus Footprints International School Library Network Toul Kork Campus TTP Primary Dark Blue Bookshelves 02/26/2024   STI PZ7.S86037 813.54 2024-0107 02/26/2024 1 02/26/2024 Books  
    Dewey Decimal Classification     Juvenile Fiction Footprints International School Library Network Toul Kork Campus Footprints International School Library Network Toul Kork Campus TTP Primary Dark Blue Bookshelves 02/11/2025 1 STI PZ7.S86037 813.54 2025-0497 05/29/2025 2 02/11/2025 Books 04/21/2025